| 000 | 01472cam a22003615i 4500 | ||
|---|---|---|---|
| 999 |
_c21914 _d21886 |
||
| 001 | ocn852488310 | ||
| 003 | EG-ScBUE | ||
| 005 | 20210201135005.0 | ||
| 008 | 130709t20142014nyu g 000 f eng d | ||
| 020 | _z9780062325471 | ||
| 040 |
_aDLC _beng _erda _cDLC _dYDXCP _dBDX _dUPZ _dBTCTA _dDYJ _dFOLLT _dABG _dAUGEN _dVP@ _dAULHA _dOCLCF _dIGP _dMSA _dMZ3 _dUKMGB _dNZHPC _dNWISP _dCNCAR _dCNEDM _dOCLCO _dOCL _dOCLCO _dSX2 _dAZZPT _dOCLCQ _dOCLCO _dIUL _dEG-ScBUE |
||
| 082 | 0 | 4 |
_a813.6 _bCAS _222 |
| 100 | 1 |
_aCass, Kiera, _eauthor. |
|
| 245 | 1 | 4 |
_aThe one / _cKiera Cass. |
| 250 | _aFirst edition. | ||
| 264 | 1 |
_aNew York : _bHarper Teen / HarperCollins Publishers, _c[2014] |
|
| 264 | 4 | _cc2014 | |
| 300 |
_a323 pages ; _c22 cm. |
||
| 336 |
_atext _btxt _2rdacontent |
||
| 337 |
_aunmediated _bn _2rdamedia |
||
| 338 |
_avolume _bnc _2rdacarrier |
||
| 490 | 0 |
_aSelection series ; _vbook 3 |
|
| 500 | _a1 New York Times bestselling author. | ||
| 520 | _a"As her Selection approaches its finish, America must decide where her heart truly lies--and Prince Maxon must pick one winner to wear the crown"-- | ||
| 650 | 7 |
_aMarriage _vJuvenile fiction. _2BUEsh _940232 |
|
| 650 | 7 |
_aContests _vJuvenile fiction. _2BUEsh _940233 |
|
| 650 | 7 |
_aSocial classes _vJuvenile fiction. _2BUEsh _940234 |
|
| 650 | 7 |
_aPrinces _vJuvenile fiction. _2BUEsh _940235 |
|
| 650 | 0 |
_aRevolutionaries _vJuvenile fiction. _2BUEsh _940236 |
|
| 651 | _2BUEsh | ||
| 653 |
_bHHUUEENN _cJune2016 _dBestSellers |
||
| 942 |
_2ddc _cBB |
||